|
|
|
|
| LEADER |
01215nam a2200313 a 4500 |
| 001 |
36303 |
| 003 |
BD-DhAAL |
| 005 |
20211201102805.0 |
| 008 |
191111t2004 nyua 000 0 eng d |
| 999 |
|
|
|c 41780
|d 41780
|
| 010 |
|
|
|a 2003069131
|
| 020 |
|
|
|a 0194536793 (pbk.)
|
| 020 |
|
|
|a 9780194536790
|
| 040 |
|
|
|a DLC
|c DLC
|d BD-DhAAL
|
| 050 |
0 |
0 |
|a PE1128
|b .N237 2004
|
| 082 |
0 |
0 |
|a 428.24
|2 22
|
| 100 |
1 |
|
|a Naber, Therese.
|9 36919
|
| 245 |
1 |
0 |
|a English knowhow.
|p Student book 2 /
|c Therese Naber, Angela Blackwell ; with Gregory J. Manin.
|
| 246 |
3 |
|
|a English knowhow student book 2
|
| 260 |
|
|
|a New York :
|b Oxford University Press,
|c c2004.
|
| 300 |
|
|
|a v, 138 pages :
|b color illustrations ;
|c 28 cm.
|
| 526 |
|
|
|a BIED
|
| 541 |
|
|
|a Complimentary copy from BIED
|e 36303
|
| 650 |
|
0 |
|a English language
|v Textbooks for foreign speakers.
|9 36920
|
| 700 |
1 |
|
|a Blackwell, Angela
|9 36921
|
| 700 |
1 |
|
|a Manin, Gregory J.
|9 36922
|
| 852 |
|
|
|a Ayesha Abed Library
|c BIED Collection
|
| 942 |
|
|
|2 ddc
|c BK
|
| 952 |
|
|
|0 0
|1 0
|2 ddc
|4 0
|6 428_240000000000000_NAB
|7 0
|9 67098
|a BRACUL
|b BRACUL
|c GEN
|d 2019-11-11
|e Complimentary copy from BIED
|l 0
|o 428.24 NAB
|p 3010036303
|r 2019-11-11
|t 1
|w 2019-11-11
|y BK
|x Transferred from BIED to General Stacks
|